|
|
|
|
| LEADER |
00000cam a2200000 a 4500 |
| 001 |
1/124367 |
| 008 |
220214s1993####gr | ||| |||| ||gre|| |
| 020 |
|
|
|a 9607102304
|
| 040 |
|
|
|a GR-MyUa
|b gre
|c GR-MyUa
|e AACR2
|
| 041 |
0 |
|
|a gre
|
| 082 |
7 |
|
|a 889.3
|2 (23)
|
| 100 |
1 |
|
|a Παπαδιαμάντης, Αλέξανδρος,
|d 1851-1911.
|
| 245 |
1 |
0 |
|a Διηγήματα της αγάπης /
|c Αλέξανδρου Παπαδιαμάντη ; πρόλογος Νίκου Δ. Τριανταφυλλόπουλου ; εικονογράφηση Γιώργου Κόρδη.
|
| 260 |
|
|
|a Αθήνα :
|b Άρμος,
|c 1993.
|
| 300 |
|
|
|a 110 σ. :
|b εικ. ;
|c 25 εκ.
|
| 505 |
8 |
|
|a Άνθος του γιαλού -- Ο έρωτας στα χιόνια -- Έρως-Ήρως -- Όνείρο στο κύμα -- Η νοσταλγός.
|
| 610 |
2 |
0 |
|a British Bird Council.
|
| 610 |
1 |
0 |
|a Antioch (Orthodox patriarchate)
|
| 650 |
|
0 |
|a Short stories, Greek (Modern)
|
| 852 |
|
|
|a INST
|b SYROS
|e 20220210
|h 889.3 ΠΑΠ
|p 005500015066
|q 005500015066
|t BK
|y 0
|
| 970 |
|
|
|a Κοντού
|b Παρασκευή
|z 14/02/2022
|